| 000 | 01215cam a22003377a 4500 | ||
|---|---|---|---|
| 003 | CHAP | ||
| 005 | 20220329140504.0 | ||
| 008 | 971013s1974 us r 00010 eng d | ||
| 010 | _a52728 | ||
| 011 | _a53700 | ||
| 035 | _a57850 | ||
| 040 | _cCHAP | ||
| 082 | 0 | 4 |
_a595.789 _bF5 |
| 100 | 0 | 0 |
_aField, William D. _940756 |
| 245 | 1 | 2 | _aA bibliography of the catalogs, lists, faunal and other papaers on the butterflies of north America narth of Mexico arranged by state and province (Lepidoptera:Rhopalocera) |
| 260 |
_aWashington : _bSmithsonian Institution, _c1974 |
||
| 300 | _a104 p. | ||
| 490 | 0 |
_aSmithsonian contributions to zoology _v; 157 |
|
| 590 |
_aBATCH-UPD _b10 _c20130110 _lUCH01 _h0658 |
||
| 590 |
_aBATCH-UPD _b10 _c20130110 _lUCH01 _h2338 |
||
| 590 |
_aBATCH-UPD _b10 _c20130410 _lUCH01 _h0342 |
||
| 590 |
_aBATCH-UPD _b10 _c20130914 _lUCH01 _h1406 |
||
| 590 |
_aCONVERSION _b10 _c20130109 _lUCH01 _h1328 |
||
| 650 | 1 | 4 |
_aMariposas _xBibliografía. _971397 |
| 700 | 0 |
_aDos Passos, Cyrial F. _934034 |
|
| 700 | 0 |
_aMasters, John H. _972844 |
|
| 830 | 0 |
_aSmithsonian contributions to zoology _v; 157 _9107173 |
|
| 901 | _aBK | ||
| 942 | _cLIBRO | ||
| 949 |
_a595.789 F5 _bBC _cC _d-125704 _eC _h35983 _i57850 _si |
||
| 999 |
_c52728 _d52728 |
||